000 00504nam a22001937a 4500
003 MPLRDC
005 20220104180620.0
008 210129b ||||| |||| 00| 0 eng d
020 _a983-878-246-7
082 _a524.943 SAW 1993
100 _aSAMIAN BIN SAWIYO, AZIZUL RAHMAN BIN ABDUL RAHMAN
245 _aBAHASA MELAYU KARANGAN SPM
_c
250 _a初版
260 _a
_bPELANGI
_c1993
300 _b
490 _aSIRI BIMBINGAN PELANGI FOKUS
650 _a
942 _cBK
_o524.943 SAW 1993
999 _c61012
_d61002